Karara und El-Hibe : die spatantiken ('koptischen') Funde aus den badischen Grabungen 1913-1914 /

محفوظ في:

المؤلف الرئيسي: Nauerth, Claudia.

التنسيق: كتاب

اللغة: German

منشور في: Heidelberg : Heidelberger Orientverlag, 1996.

سلاسل: Studien zur Archaologie und Geschichte Altagyptens ; 15.
SAGA ; 15.

الموضوعات:

الوسوم: إضافة وسم

لا توجد وسوم, كن أول من يضع وسما على هذه التسجيلة!

رقم الطلب: DT57 .D55 v.15

LEADER 01412cam a2200349 a 4500
001 ocm36938104
003 OSt
005 20241113133850.0
008 000426s1996 gw a b 000 0 ger
999 |c 55556  |d 55556 
010 |a  00339201  
020 |a 3927552283 
020 |a 9783927552289 
040 |c ARCE Library 
043 |a f-ua---  |a e-gw--- 
050 4 |a DT57 .D55 v.15 
100 1 |a Nauerth, Claudia. 
245 1 0 |a Karara und El-Hibe :  |b die spatantiken ('koptischen') Funde aus den badischen Grabungen 1913-1914 /  |c von Claudia Nauerth. 
264 1 |a Heidelberg :  |b Heidelberger Orientverlag,  |c 1996. 
300 |a 200 pages, 45 leaves of plates :   |b illustrations ;  |c 30 cm. 
490 1 |a Studien zur Archaologie und Geschichte Altagyptens ;   |v 15. 
490 1 |a SAGA ;   |v 15. 
500 |a Includes a catalog of objects chiefly in the Ägyptologisches Institut der Universität Heidelberg, with some from the Völkerkundemuseum in Freiburg, the Matḥaf al-Miṣrī, Cairo and the Matḥaf al-Qibṭī, Cairo. 
504 |a Includes bibliographical references. 
650 0 |a Copts   |x Antiquities   |v Catalogs. 
650 0 |a Excavations (Archaeology)   |z Egypt   |z Hība   |v Catalogs. 
651 0 |a Qarara Site (Egypt) 
651 0 |a Hîba (Egypt)   |x Antiquities. 
830 0 |a Studien zur Archaologie und Geschichte Altagyptens ;   |v 15. 
830 0 |a SAGA ;   |v 15. 
901 |a reviewed 
942 |2 lcc  |c BK